000 00573nam a22001937a 4500
005 20260128153223.0
010 _aENG-147692
020 _a9789391103040
_c175.00
035 _aEN-131224
037 _bDBAD
082 _21
_aS
100 _aVerkaik, Koos
_986990
245 _aThe Sandman Stories/
_cKoos Verkaik
250 _a1
260 _aEast Delhi
_bPharos Books
_c2021
270 _aPlot No. -63 Main Mother Dairy Road Pandav Nagar, East Delhi
_bEast Delhi
_e110092
_k011-403958555
_msales@pharosbooks.in
300 _a166p.
_c21cm(pb)
942 _2ddc
_cEN
_mVER
_hS
999 _c214601
_d214601